Enforcing social standards? Regional elites and local society in early medieval Western India (Record no. 525935)

000 -LEADER
fixed length control field 00618nam a22001337a 4500
008 - FIXED-LENGTH DATA ELEMENTS--GENERAL INFORMATION
fixed length control field 240425b ||||| |||| 00| 0 eng d
100 ## - MAIN ENTRY--PERSONAL NAME
Personal name Chakraborty, Srabani
245 ## - TITLE STATEMENT
Title Enforcing social standards? Regional elites and local society in early medieval Western India
260 ## - PUBLICATION, DISTRIBUTION, ETC. (IMPRINT)
Place of publication, distribution, etc Social Scientist
300 ## - PHYSICAL DESCRIPTION
Extent 52(1-2), Jan-Feb, 2024: p.61-74
520 ## - SUMMARY, ETC.
Summary, etc The rise of far right in India at present has created an atmosphere of growing cow vigilantism causing havoc in the lives and livelihood of minorities, especially Muslims and Dalits. – Reproduced
773 ## - HOST ITEM ENTRY
Main entry heading Social Scientist
942 ## - ADDED ENTRY ELEMENTS (KOHA)
Item type Articles
Holdings
Withdrawn status Lost status Source of classification or shelving scheme Damaged status Not for loan Permanent location Current location Date acquired Serial Enumeration / chronology Barcode Date last seen Koha item type
          Indian Institute of Public Administration Indian Institute of Public Administration 2024-04-25 52(1-2), Jan-Feb, 2024: p.61-74 AR131727 2024-04-25 Articles

Powered by Koha